| 000 | 00604nam a2200193 i 4500 | ||
|---|---|---|---|
| 001 | 64085 | ||
| 003 | ES-MaACL | ||
| 005 | 20251222205647.0 | ||
| 007 | t| | ||
| 008 | 031219s1972 sp ||||1| spa d | ||
| 100 | 1 |
_aFitzgerald, F. Scott, _d1896-1940 _9242640 |
|
| 245 | 1 | 3 |
_aEl último magnate / _cScott Fitzgerald ; [traducción: Cecilia Boissier, Antonio Skarmeta]. |
| 260 |
_aMadrid : _bRodas, _c[1972] |
||
| 300 |
_a207 p. ; _c18 cm. |
||
| 700 | 1 |
_aBoissier, Cecilia. _929868 |
|
| 700 | 1 |
_aSkármeta, Antonio. _9106736 |
|
| 852 |
_aES-MaACL _jC-52902 _bR.86380 |
||
| 999 |
_c64085 _d64085 |
||